Краткий курс истории "внутренней" Коммунистической партии (большевиков)

التفاصيل البيبلوغرافية
المؤلف الرئيسي: Радзиховский Л. А.
اللغة:الروسية
منشور في: Москва, НИОПИК, 1990
الموضوعات:
التنسيق: كتاب
KOHA link:https://koha.lib.tpu.ru/cgi-bin/koha/opac-detail.pl?biblionumber=18519

MARC

LEADER 00000nam0a2200000 4500
001 18519
005 20231030191316.0
035 |a (RuTPU)RU\TPU\book\18669 
035 |a BOOK00003357 
090 |a 18519 
100 |a 20011209d1990 m y0rusy50 ca 
101 0 |a rus 
102 |a RU 
105 |a y z 000zy 
200 1 |a Краткий курс истории "внутренней" Коммунистической партии (большевиков)  |f Л. А. Радзиховский 
210 |a Москва  |c НИОПИК  |d 1990 
215 |a 35 с. 
610 1 |a политика 
610 1 |a история 
610 1 |a ВКП(б) 
610 1 |a КПСС 
686 |a Ф61(2)2  |v LBC/SL-A  |2 rubbk 
700 1 |a Радзиховский  |b Л. А. 
801 0 |a RU  |b 63413507  |c 20011209  |g PSBO 
801 2 |a RU  |b 63413507  |c 20080414  |g PSBO 
942 |c BK